000
002810000a22001330004500
041
0
_a
SPA
082
0
4
_a
AV 0155
110
1
_a
IELCO
245
1
0
_a
Folleto : Iglesia Evangélica Luterana de Colombia / IELCO
300
_a
2 Pag
500
_a
Follletos
001
13529
942
_c
BK
999
_c
42488
_d
42488